Sea soup : phytoplankton
Συζητά τους μικροσκοπικούς οργανισμούς γνωστούς ως φυτοπλαγκτόν και σημαντικές λειτουργίες που εξυπηρετούν στο ξαναγέμισμα της γήινης ατμόσφαιρας, στη θαλάσσια τροφική αλυσίδα, και αλλού...
Αποθηκεύτηκε σε:
| Κύριος συγγραφέας: | |
|---|---|
| Άλλοι συγγραφείς: | |
| Μορφή: | Βιβλίο |
| Γλώσσα: | English |
| Δημοσίευση: |
Gardiner, Me. :
Tilbury House,
1999
|
| Θέματα: | |
| Ετικέτες: |
Προσθήκη ετικέτας
Δεν υπάρχουν, Καταχωρήστε ετικέτα πρώτοι!
|
MARC
| LEADER | 00000nam a2200000 i 4500 | ||
|---|---|---|---|
| 001 | 1/71822 | ||
| 008 | 080122s1999 eng d | ||
| 020 | |a 978-0-88448-208-6 | ||
| 020 | |a 0-88448-208-1 | ||
| 035 | |l 10093999 | ||
| 040 | |a GR-MY-UA |b gre |e aacr | ||
| 041 | 0 | |a eng | |
| 082 | 0 | |a 579.81776 |2 (22) | |
| 100 | 1 | |a Cerullo, Mary M. | |
| 245 | 1 | 0 | |a Sea soup : |b phytoplankton / |c Mary M. Cerullo ; photography by Bill Curtsinger |
| 260 | |a Gardiner, Me. : |b Tilbury House, |c 1999 | ||
| 300 | |a 39 σ.; |b έγχρ. εικ.; |c 27 εκ. | ||
| 504 | |a Βιβλιογραφία: σ. 39 | ||
| 520 | |a Συζητά τους μικροσκοπικούς οργανισμούς γνωστούς ως φυτοπλαγκτόν και σημαντικές λειτουργίες που εξυπηρετούν στο ξαναγέμισμα της γήινης ατμόσφαιρας, στη θαλάσσια τροφική αλυσίδα, και αλλού | ||
| 650 | 0 | 0 | |a Phytoplankton |x Juvenile literature. |
| 650 | 0 | 0 | |a Phytoplankton. |
| 650 | 0 | 0 | |a Plankton. |
| 700 | 1 | |a Curtsinger, Bill |d 1946- |4 pht | |
| 852 | |a INST |b LESVOS |e 20080122 |h 579.81776 CER |p 005100040306 |q 005100040306 |t BK |y 0 | ||
| 901 | |a BIBL1-2008-1 | ||
| 909 | |a Λ |b 142585 | ||
| 922 | |a 1ΕΛΗ |b 200712 |c ΕΠΕΑΕΚ2/ΤΕΘ |d ΕΛΕΥΘΕΡΟΥΔΑΚΗΣ | ||
| 970 | |a ΚΑΡΑ |b ΓΙΑΣΕΜΗ |z 2008/01/22 | ||